History Quiz

Random History or Politics Quiz

Build the European Union Quiz Stats

 Plays Quiz Updated May 8, 2017

Challenge
Share
Tweet
Score 0/9 Timer 03:00
0 Plays Today
% Correct
Belgium, France,
Germany*, Italy, Luxembourg,
Netherlands (1958)
99.4%
Denmark, Ireland, United Kingdom (1973)
95.8%
Portugal, Spain (1986)
86.6%
Greece (1981)
84.2%
Austria, Finland, Sweden (1995)
75%
Cyprus, Czechia, Estonia,
Hungary, Latvia, Lithuania,
Malta, Poland, Slovakia,
Slovenia (2004)
74.8%
East
Germany**
(1990)
70.1%
Bulgaria,
Romania (2007)
61.2%
Croatia (2013)
55.9%

You're not logged in!

Compare scores with friends on all Sporcle quizzes.
Join for Free
OR
Log In

You Might Also Like...

Show Comments

Extras

Top Quizzes Today


Score Distribution

Your Account Isn't Verified!

In order to create a playlist on Sporcle, you need to verify the email address you used during registration. Go to your Sporcle Settings to finish the process.

Report this User

Report this user for behavior that violates our Community Guidelines.

Details: